1808 1461 1680 1399 1734 1859 1008 1403 1497 1275 1680 1440 1822 1039 1832 1131 1410 1607 1633 1334 1529 1483 1124 1514 1137 1724 1083 1313 1631 1723 1400 1102 1446 1899 1716 1445 1425 1783 1814 1171 1085 1768 1059 1073 1432 1153 1650 1641 1966 1174 1773 1926 1547 1748 1004 1311 1815 1258 1158 1564 1127 1423 1973 1874 1604 1619 1668 1576 1253 1576 1243 1348 1966 1932 1938 1716 1212 1843 1202 1123 1765 1184 1287 1647 1083 1799 1109 1385 1754 1200 1812 1757 1053 1209 1316 1062 1075 1513 1006 BCNSPRNW ULIB Ver.6.0+V

เปลี่ยนเป็นภาษาไทย

Change to English
 แสดงรายละเอียดบรรณานุกรม
  กลับหน้าหลัก

Brief Record : Get Marc (ISO 2709) : E-mail record : QR code < ปิดหน้าต่าง
LEADER : 00000nam 2200000uu 4500
001    13399114516
003     ULIB
008    120411s2552||||th 000 0 tha d
020    ^a9786117190223
090    ^aนว.^bว276ป 2552
100 0  ^aวรวลัญช์
245 00 ^aปลายทางกามเทพ /^cวรวลัญช์
250    ^aพิมพ์ครั้งที่ 1
260    ^aกรุงเทพฯ :^bอินเลิฟ,^c2552
300    ^a388 หน้า
710 1  ^aอินเลิฟ
945    ^p275^l0^i15775
995    ^aกัณชพร
999 ^a ใช้งานได้ทุกระบบ
รายการนี้ยังไม่มีแท็ก
คุณยังไม่ได้ล็อกอิน คุณสามารถมีกิจกรรมร่วมกับเว็บไซต์ได้ แต่ต้องล็อกอินก่อน ::
  ล็อกอิน

รายการสื่อสารสนเทศ

ลำดับที่ ประเภท เลขเรียก/บาร์โค้ด สถานที่ สถานะ
1. นวนิยาย
นวนิยาย
นว. ว276ป 2552  
  Barcode: 15775
ห้องสมุดวิทยาเขตสวรรค์ประชารักษ์
►นวนิยาย
บนชั้น
  ขอยืม

BibComment


ยังไม่เคยถูกคอมเมนท์

คอมเมนท์ทรัพยากรรายการนี้
  คอมเมนท์: ปลายทางกามเทพ ว..


 Copyright 2026. Bcnsprnw @Library